• 首页
  • 本馆介绍
  • 公告通知
  • 最新文献
  • 馆藏检索
  • 电子资源
  • 读者导购
  • 参考咨询
  • 我的图书馆
  • 登录
  • 详细信息显示
  • 放入我的书架
  • 预约/预借图书
  • 作者相关作品
  • 分类相关作品
  • 丛书相关作品
  • 出版社相关作品

书目信息

  • 表格格式
  • 工作单格式
  • 卡片格式
题名:
植物王国的奇迹
    
 
作者: 斯塔佩 , 克塞勒 著 ;师丽花 , 和渊 译
分册:   果实的奥秘
出版信息: 北京   人民邮电出版社  2015.10
页数: 268页
开本: 23cm
丛书名:
单 册:
中图分类: Q94-49 , Q944.59-49
科图分类:
主题词: 植物--普及读物 , 果实--普及读物 , 植物学:形态学
电子资源:
ISBN: 978-7-115-39807-9
000 01078nam0 2200289 450
001 4752
005 20181013082218.49
010    @a978-7-115-39807-9@dCNY69.00
100    @a20151207d2015 em y0chiy50 ea
101 1  @achi@ceng
102    @aCN@b110000
105    @aa z 001yy
200 1  @a植物王国的奇迹@9zhi wu wang guo de qi ji@i果实的奥秘@b专著@f(英)沃尔夫冈·斯塔佩(Wolfgang Stuppy),(英)罗布·克塞勒(Rob Kesseler)著@g师丽花,和渊译
210    @a北京@c人民邮电出版社@d2015.10
215    @a268页@c彩图@d23cm
330    @a本书内容包括:什么是水果,什么是蔬菜;被子植物、裸子植物以及它们的交配秘密;种子裸露的植物;种子不裸露的植物;令人讨厌的谜等。
606 0  @a植物@j普及读物
606 0  @a果实@j普及读物
606 0  @a植物学:形态学
690    @aQ94-49@v5
690    @aQ944.59-49@v4
701  0 @c(英)@a斯塔佩@9si ta pei@c(Stuppy, Wolfgang@f1966-)@4著
701  0 @c(英)@a克塞勒@9ke sai le@c(Kesseler, Rob@f1951-)@4著
702  0 @a师丽花@9shi li hua@4译
702  0 @a和渊@9he yuan@4译
801  0 @aCN@b91MARC@c20160302
905    @aMuseLib@dQ944.59-49@e393
    
    植物王国的奇迹.果实的奥秘/(英)沃尔夫冈·斯塔佩(Wolfgang Stuppy),(英)罗布·克塞勒(Rob Kesseler)著/师丽花,和渊译.-北京:人民邮电出版社,2015.10
    268页:彩图;23cm
    
    
    ISBN 978-7-115-39807-9:CNY69.00
    本书内容包括:什么是水果,什么是蔬菜;被子植物、裸子植物以及它们的交配秘密;种子裸露的植物;种子不裸露的植物;令人讨厌的谜等。
●
相关链接 在E读中查询图书 在五车中查询图书 在当当中查询图书 在豆瓣中查询图书


正题名:植物王国的奇迹     索取号:Q944.59-49/393         预约/预借

序号 登录号 条形码 馆藏地/架位号 状态 备注
1 1126464   211264647   第二样本阅览室/ [索取号:Q944.59-49/393] 在馆    
2 1126465   211264656   生命科学系资料室/ [索取号:Q944.59-49/393] 在馆    
3 1126466   211264665   第三借阅区/ [索取号:Q944.59-49/393] 在馆    
4 1126467   211264674   第三借阅区/ [索取号:Q944.59-49/393] 在馆    
5 1126468   211264683   第三借阅区/ [索取号:Q944.59-49/393] 在馆    
唐山师范学院图书馆 欢迎您!
大连网信软件有限公司© 版权所有